Assassin's Creed : Les Personnages - Statistiques

Statistiques générales
  • Ce quiz a été pris 506 fois
  • Le résultat moyen est 6 sur 18
Statistiques - réponses
Par images Réponse % Correct
Ezio Auditore
84%
Connor Kenway / Ratonhnhaké:ton
60%
Edward Kenway
58%
Kassandra
54%
Alexios
51%
Bayek de Siwa
42%
Jacob Frye
40%
Evie Frye
38%
Altaïr Ibn La-Ahad
27%
Shay Patrick Cormac
23%
Yasuke
23%
Aveline de Grandpré
15%
Arno Victor Dorian
14%
Basim Ibn Ishaq
7%
Eivor Varinsdóttir
6%
Eivor Varinsson
5%
Aquilus
3%
Fujibayashi Naoe
2%
Aucun quiz correspondant
Distribution des résultats
% des personnes avec chaque résultat
Percentile par nombre de réponses
Votre historique - résultats
Vous n’avez pas pris ce quiz